Technology and humanity /

Bibliographic Details
Other Authors: Colatrella, Carol
Format: Book
Language:English
Published: Ipswich, Mass. : Salem Press, [2013]
Series:Critical insights.
Subjects:

MARC

Tag First Indicator Second Indicator Subfields
LEADER 00000cam a2200000 a 4500
001 in00002811342
005 20151203092758.0
008 120620s2013 mau b 001 0 eng
010 |a  2012023906 
020 |a 9781429837392 (hardcover) 
020 |a 142983739X (hardcover) 
020 |a 9781429837873 (ebook) 
020 |a 142983787X (ebook) 
035 |a (OCoLC)ocn777601621 
040 |a DLC  |c DLC  |d UtOrBLW 
049 |a TXAM 
050 0 0 |a PN56.T37  |b T43 2013 
082 0 0 |a 809/.93356  |2 23 
245 0 0 |a Technology and humanity /  |c editor, Carol Colatrella. 
246 1 4 |a Technology & humanity 
264 1 |a Ipswich, Mass. :  |b Salem Press,  |c [2013] 
264 4 |c ©2013 
300 |a xv, 292 pages ;  |c 24 cm. 
336 |a text  |b txt  |2 rdacontent 
337 |a unmediated  |b n  |2 rdamedia 
338 |a volume  |b nc  |2 rdacarrier 
490 1 |a Critical insights 
504 |a Includes bibliographical references (pages 275-279) and index. 
505 0 |a On technology and humanity / Carol Colatrella -- Critical contexts. Industrial Revolution, empire, and the novel / Narin Hassan ; Reading technology and literature in the twentieth century / Melissa M. Littlefield and Michael Black ; The Model T and the Roaring Twenties: the automobile, social change, and cultural critique in American literature / Tanfer Emin Tunc ; "An intent to communicate": technology and digital culture in The crying of lot 49 / Madeline Monson-Rosen -- Critical readings. Robots, moving statues, and automata in ancient tales and history / Kevin LaGrandeur ; The technologist in classical mythology and American literature / Inger H. Dalsgaard ; "Now let us meet the world": being, appearing, and seeing Hawthorne's The house of the seven gables / Abigail Glogower ; Opposing perspectives: technology in modernist literature / Melissa Dinsman ; Inventions in literature: time travel in the works of H. G. Wells, Mark Twain, and Douglas Adams / Claire Menck ; Literary models of technological mediation: Jean-Paul Sartre's Nausea and Julio Cortazar's "The treasure of youth" / Luis O. Arata ; "Art as technique": technology, the avant-gardes, and the birth of the cinema / Annie van den Oever ; Humanity and technology at war / Robert Blaskiewicz ; Android dreams and human imaginings / Aaron Barlow ; Death of the digital messiah: increased complexity in virtual narratives / Mike Griffith ; Ghosts and girls in the machine: technology and the human in Japanese visual popular culture / Jaime Weida -- Resources. Additional works on technology and humanity ; General bibliography. 
650 0 |a Technology in literature. 
650 0 |a Literature and technology. 
650 0 |a Technological innovations  |x Social aspects. 
700 1 |a Colatrella, Carol. 
830 0 |a Critical insights. 
945 |a PromptCat  |b 248649 
946 |a stk 
947 |a A14835914516 
948 |a cataloged  |b h  |c 2013/4/2  |d c  |e dmitchel  |f 3:50:30 pm 
994 |a 92  |b TXA 
999 |a MARS 
999 f f |s 33882f6b-853d-3d19-8cca-94b2d0bfe3df  |i 339dfbac-a548-3c56-a0ca-c4600b723309  |t 0 
952 f f |p normal  |a Texas A&M University  |b College Station  |c Sterling C. Evans Library  |d Evans: Library Stacks  |t 0  |e PN56.T37 T43 2013  |h Library of Congress classification  |i unmediated -- volume  |m A14835914516 
998 f f |a PN56.T37 T43 2013  |t 0  |l Evans: Library Stacks